000 00828nam a2200241 a 4500
005 20230926063622.0
008 020930s1998 es r 000 0 spa d
020 _a8479602244
035 _aUPN01000119726
049 _aCG
050 4 _aB105 C4.5
_bL5.38 1998
100 1 _aLipman, Matthew,
_d1922-2010
_929038
245 1 3 _aLa filosofía en el aula /
_cMatthew Lipman, Ann Margaret Sharp, Frederick S. Oscanyan ; tr. Eugeni Echeverría.
250 _a2a ed.
260 _aMadrid :
_bEdiciones de la Torre,
_c1998.
300 _a380 p.
440 0 _aProyecto didáctico Quirón ;
_v31
650 4 _aNiños y filosofía
_97350
650 4 _aFILOSOFIA -
_xESTUDIO Y ENSEÑANZA (ELEMENTAL)
_924175
700 1 _aSharp, Ann Margaret,
_d1942-2010
_ecoaut.
_932865
700 1 _aOscanyan, Frederick S.,
_ecoaut.
905 _aLibro
999 _c92076
_d92076